Statystyki dla Mistrzostwa Polski w koszykówce kobiet

Kliknij tutaj aby rozwiązać quiz!

Ogólne statystyki

  • Ten quiz został rozwiązany 11 razy
  • Średni wynik to 4 z 16

Statystyki odpowiedzi

Liczba tytułówKlub% Poprawnych
25Wisła Kraków
91%
12Arka Gdynia
64%
3CCC Polkowice
55%
9ŁKS Łódź
45%
14AZS Warszawa/AZS-AWF Warszawa
36%
2Polonia Warszawa
36%
1AZS Poznań
27%
1Cracovia
27%
2Ślęza Wrocław
27%
4Włókniarz Pabianice
18%
1Lech Poznań
9%
2Olimpia Poznań
9%
3IKP Łódź
0%
4Spójnia Warszawa
0%
1TUR Łódź
0%
1Wawel Kraków
0%

Rozkład punktacji

Percentyl według liczby udzielonych odpowiedzi

Procent ludzi z każdym wynikiem

Twoja historia wyników

Nie rozwiązałeś tego quizu